| 000 | 00488nam a2200157 i 4500 | ||
|---|---|---|---|
| 001 | 32927 | ||
| 003 | ES-MaACL | ||
| 005 | 20230906154650.0 | ||
| 007 | t| | ||
| 008 | 030131s1981 sp ||||1| spa d | ||
| 100 | 1 |
_aBermúdez Polonio, Joaquín. _928150 |
|
| 245 | 1 | 0 |
_aMétodos de difracción de rayos X _b: principios y aplicaciones / _cJoaquín Bermúdez Polonio. |
| 260 |
_aMadrid : _bPirámide, _c[1981] |
||
| 300 |
_a462 p. : _bil. ; _c23 cm. |
||
| 852 |
_aES-MaACL _jL-1815 _bR.102386 |
||
| 999 |
_c32927 _d32927 |
||